000 00325nam a22001457a 4500
008 180919b xxu||||| |||| 00| 0 eng d
020 _a9781259176494
041 _aeng
080 _25th
_a330.722.6
082 _a330.722.6
100 _a62
101 _aKM
245 _aManagerial Accounting
_cWild,J.J
942 _2udc
_cBK
999 _c47973
_d47973